00938nam a22002777a 450000100060000000300090000600500170001500700060003200800320003802000150007004000220008508200300010709200230013710000430016024500740020326000510027730000200032859000260034865000220037465000270039665000320042391000400045594200120049595201360050799900170064300590DO-SdBNP20231030105227.000590151117b1999 sp | 00| 0 spa d a8401260051 aBPMSUbspacBPMSU 4aCo863.44 bG216c 1999222 axxxxxxxxbxxxxxxxx1 aGarcía Márquez, Gabrield1928-201413aEl coronel no tiene quién le escriba /cGabriel García Márquez  aBarcelona, España :bPlaza & Janés,c1999. a98 p. ;c20 cm. aInventariado, 2023/VM 4aNovela colombiana 4aLiteratura colombiana  4aPensiones militaresvNovela aVMateo V. Control de calidad. BPMSU 2ddccBK 00102ddc40708GENaBPMETbBPMETd2016-06-24eFUNDI l0oBPMSU CG Co863.44 G216c 1999pBPMSU16060563r2016-06-24w2016-06-24yBK c10581d10581